[Event "European Women's Chess Club Cup 2023"]
[Site "Durres, Albania"]
[Date "2023.10.01"]
[Round "1.14"]
[White "Hoang, Thanh Trang"]
[Black "Reprun, Nadejda"]
[Result "1-0"]
[TimeControl "90' + 30' & 30\""]
[WhiteElo "2398"]
[BlackElo "1971"]

1. d4 {[%clk 01:30:44]} {[%emt 00:00:15]} d5 {[%clk 01:30:56]} {[%emt
00:00:05]} 2. c4 {[%clk 01:30:55]} {[%emt 00:00:17]} c6 {[%clk 01:31:18]}
{[%emt 00:00:10]} 3. Nf3 {[%clk 01:31:05]} {[%emt 00:00:21]} Nf6 {[%clk
01:31:35]} {[%emt 00:00:12]} 4. e3 {[%clk 01:31:08]} {[%emt 00:00:26]} e6
{[%clk 01:31:34]} {[%emt 00:00:32]} 5. Nbd2 {[%clk 01:26:55]} {[%emt 00:04:42]}
c5 {[%clk 01:28:04]} {[%emt 00:04:00]} 6. cxd5 {[%clk 01:25:42]} {[%emt
00:01:43]} Nxd5 {[%clk 01:26:58]} {[%emt 00:01:37]} 7. e4 {[%clk 01:17:06]}
{[%emt 00:09:05]} Nf6 {[%clk 01:26:37]} {[%emt 00:00:52]} 8. Bb5+ {[%clk
01:11:26]} {[%emt 00:06:09]} Bd7 {[%clk 01:20:25]} {[%emt 00:06:43]} 9. Bd3
{[%clk 01:11:16]} {[%emt 00:00:39]} cxd4 {[%clk 01:16:02]} {[%emt 00:04:55]} 10.
O-O {[%clk 01:08:26]} {[%emt 00:03:18]} Nc6 {[%clk 01:12:43]} {[%emt 00:03:49]}
11. e5 {[%clk 01:06:56]} {[%emt 00:02:00]} Nd5 {[%clk 01:10:40]} {[%emt
00:02:33]} 12. Nb3 {[%clk 01:04:10]} {[%emt 00:03:16]} Be7 {[%clk 01:06:31]}
{[%emt 00:04:39]} 13. Nbxd4 {[%clk 01:01:56]} {[%emt 00:02:44]} O-O {[%clk
00:52:09]} {[%emt 00:14:52]} 14. Qe2 {[%clk 01:00:08]} {[%emt 00:02:18]} Re8
{[%clk 00:45:52]} {[%emt 00:06:48]} 15. Rd1 {[%clk 00:56:10]} {[%emt 00:04:27]}
f6 {[%clk 00:40:37]} {[%emt 00:05:46]} 16. exf6 {[%clk 00:49:25]} {[%emt
00:07:14]} Bxf6 {[%clk 00:38:59]} {[%emt 00:02:08]} 17. Nxc6 {[%clk 00:48:14]}
{[%emt 00:01:41]} Bxc6 {[%clk 00:36:49]} {[%emt 00:02:40]} 18. Ne5 {[%clk
00:47:49]} {[%emt 00:00:55]} Bxe5 {[%clk 00:35:13]} {[%emt 00:02:06]} 19. Qxe5
{[%clk 00:47:37]} {[%emt 00:00:42]} Qf6 {[%clk 00:34:27]} {[%emt 00:01:16]} 20.
Qg3 {[%clk 00:44:55]} {[%emt 00:03:11]} Ne7 {[%clk 00:28:15]} {[%emt 00:06:43]}
21. Bg5 {[%clk 00:41:21]} {[%emt 00:04:03]} Qf7 {[%clk 00:27:20]} {[%emt
00:01:25]} 22. Qh3 {[%clk 00:33:49]} {[%emt 00:08:03]} h6 {[%clk 00:23:31]}
{[%emt 00:04:20]} 23. Bd2 {[%clk 00:32:44]} {[%emt 00:01:34]} Rf8 {[%clk
00:22:12]} {[%emt 00:01:50]} 24. Qg3 {[%clk 00:26:26]} {[%emt 00:06:47]} Kh8
{[%clk 00:21:26]} {[%emt 00:01:16]} 25. Bb4 {[%clk 00:24:03]} {[%emt 00:02:51]}
Rfe8 {[%clk 00:18:30]} {[%emt 00:03:27]} 26. Rac1 {[%clk 00:23:28]} {[%emt
00:01:06]} Nf5 {[%clk 00:17:28]} {[%emt 00:01:32]} 27. Qf4 {[%clk 00:23:25]}
{[%emt 00:00:28]} Rad8 {[%clk 00:16:09]} {[%emt 00:01:54]} 28. Be4 {[%clk
00:20:00]} {[%emt 00:03:55]} Bxe4 {[%clk 00:11:46]} {[%emt 00:04:52]} 29. Qxe4
{[%clk 00:20:13]} {[%emt 00:00:18]} Rd5 {[%clk 00:11:55]} {[%emt 00:00:21]} 30.
Bc3 {[%clk 00:18:29]} {[%emt 00:02:12]} b5 {[%clk 00:07:49]} {[%emt 00:04:38]}
31. h3 {[%clk 00:17:17]} {[%emt 00:01:42]} Rf8 {[%clk 00:06:03]} {[%emt
00:02:15]} 32. Re1 {[%clk 00:16:10]} {[%emt 00:01:38]} Nd6 {[%clk 00:05:52]}
{[%emt 00:00:41]} 33. Qxe6 {[%clk 00:14:54]} {[%emt 00:01:46]} Qxe6 {[%clk
00:02:17]} {[%emt 00:04:05]} 34. Rxe6 {[%clk 00:15:15]} {[%emt 00:00:09]} Kg8
{[%clk 00:01:19]} {[%emt 00:01:28]} 35. Bb4 {[%clk 00:13:48]} {[%emt 00:01:56]}
Rd8 {[%clk 00:01:30]} {[%emt 00:00:20]} 36. Rc7 {[%clk 00:13:39]} {[%emt
00:00:38]} Nc8 {[%clk 00:00:54]} {[%emt 00:01:05]} 37. Bc3 {[%clk 00:13:20]}
{[%emt 00:00:51]} 1-0

[Event "European Women's Chess Club Cup 2023"]
[Site "Durres, Albania"]
[Date "2023.10.01"]
[Round "1.15"]
[White "Tashkinova, Sofiia"]
[Black "Injac, Teodora"]
[Result "0-1"]
[TimeControl "90' + 30' & 30\""]
[WhiteElo "2042"]
[BlackElo "2426"]

1. e4 {[%clk 01:30:57]} {[%emt 00:00:02]} c5 {[%clk 01:30:40]} {[%emt
00:00:20]} 2. Nc3 {[%clk 01:31:14]} {[%emt 00:00:13]} Nc6 {[%clk 01:30:36]}
{[%emt 00:00:34]} 3. Bb5 {[%clk 01:31:28]} {[%emt 00:00:16]} Nd4 {[%clk
01:30:15]} {[%emt 00:00:51]} 4. Nf3 {[%clk 01:31:45]} {[%emt 00:00:14]} e6
{[%clk 01:30:21]} {[%emt 00:00:24]} 5. O-O {[%clk 01:27:22]} {[%emt 00:04:52]}
a6 {[%clk 01:30:30]} {[%emt 00:00:21]} 6. Bd3 {[%clk 01:27:12]} {[%emt
00:00:40]} Nc6 {[%clk 01:24:33]} {[%emt 00:06:27]} 7. e5 {[%clk 01:20:44]}
{[%emt 00:06:58]} d6 {[%clk 01:06:51]} {[%emt 00:18:12]} 8. exd6 {[%clk
01:16:53]} {[%emt 00:04:21]} Bxd6 {[%clk 01:07:15]} {[%emt 00:00:06]} 9. Ne4
{[%clk 01:14:51]} {[%emt 00:02:32]} Be7 {[%clk 01:02:31]} {[%emt 00:05:13]} 10.
b3 {[%clk 01:12:09]} {[%emt 00:03:13]} Nf6 {[%clk 01:02:19]} {[%emt 00:00:42]}
11. Bb2 {[%clk 01:07:22]} {[%emt 00:05:17]} b6 {[%clk 00:44:20]} {[%emt
00:18:29]} 12. Nxf6+ {[%clk 00:58:25]} {[%emt 00:09:27]} Bxf6 {[%clk 00:42:31]}
{[%emt 00:02:19]} 13. Be4 {[%clk 00:57:35]} {[%emt 00:01:20]} Bb7 {[%clk
00:41:43]} {[%emt 00:01:18]} 14. Bxf6 {[%clk 00:52:42]} {[%emt 00:05:23]} Qxf6
{[%clk 00:37:29]} {[%emt 00:04:45]} 15. Qe2 {[%clk 00:43:24]} {[%emt 00:09:48]}
O-O {[%clk 00:36:10]} {[%emt 00:01:50]} 16. Bxc6 {[%clk 00:39:35]} {[%emt
00:04:19]} Bxc6 {[%clk 00:36:37]} {[%emt 00:00:02]} 17. Ne5 {[%clk 00:39:56]}
{[%emt 00:00:09]} Rfc8 {[%clk 00:30:19]} {[%emt 00:06:48]} 18. Rad1 {[%clk
00:35:22]} {[%emt 00:05:04]} Bb7 {[%clk 00:29:09]} {[%emt 00:01:40]} 19. d4
{[%clk 00:32:42]} {[%emt 00:03:10]} Qg5 {[%clk 00:22:11]} {[%emt 00:07:27]} 20.
f4 {[%clk 00:27:59]} {[%emt 00:05:13]} Qe7 {[%clk 00:22:33]} {[%emt 00:00:08]}
21. c4 {[%clk 00:25:54]} {[%emt 00:02:36]} Rd8 {[%clk 00:20:23]} {[%emt
00:02:40]} 22. dxc5 {[%clk 00:22:33]} {[%emt 00:03:51]} Qxc5+ {[%clk 00:16:36]}
{[%emt 00:04:17]} 23. Kh1 {[%clk 00:18:49]} {[%emt 00:04:15]} b5 {[%clk
00:12:53]} {[%emt 00:04:13]} 24. Rxd8+ {[%clk 00:16:17]} {[%emt 00:03:02]} Rxd8
{[%clk 00:13:21]} 25. Rd1 {[%clk 00:16:35]} {[%emt 00:00:12]} Rd4 {[%clk
00:10:35]} {[%emt 00:03:17]} 26. h3 {[%clk 00:15:16]} {[%emt 00:01:48]} f6
{[%clk 00:06:03]} {[%emt 00:05:02]} 27. Rxd4 {[%clk 00:07:59]} {[%emt
00:07:47]} Qxd4 {[%clk 00:06:14]} {[%emt 00:00:19]} 28. Nd3 {[%clk 00:07:00]}
{[%emt 00:01:29]} Qd6 {[%clk 00:01:41]} {[%emt 00:05:03]} 29. c5 {[%clk
00:05:27]} {[%emt 00:02:03]} Qd5 {[%clk 00:01:59]} {[%emt 00:00:13]} 30. b4
{[%clk 00:04:33]} {[%emt 00:01:23]} Qf5 {[%clk 00:02:05]} {[%emt 00:00:24]} 31.
Qe3 {[%clk 00:04:09]} {[%emt 00:00:54]} Qd5 {[%clk 00:02:26]} {[%emt 00:00:09]}
32. Qe2 {[%clk 00:04:18]} {[%emt 00:00:22]} Qc4 {[%clk 00:01:53]} {[%emt
00:01:02]} 33. Qd2 {[%clk 00:04:02]} {[%emt 00:00:46]} Bd5 {[%clk 00:01:58]}
{[%emt 00:00:26]} 34. Ne1 {[%clk 00:02:08]} {[%emt 00:02:23]} Qxa2 {[%clk
00:01:12]} {[%emt 00:01:17]} 35. Qxa2 {[%clk 00:01:50]} {[%emt 00:00:48]} Bxa2
{[%clk 00:01:40]} 36. Nf3 {[%clk 00:01:27]} {[%emt 00:00:52]} Kf7 {[%clk
00:01:52]} {[%emt 00:00:19]} 37. Nd4 {[%clk 00:01:31]} {[%emt 00:00:26]} Bd5
{[%clk 00:01:51]} {[%emt 00:00:30]} 38. Kg1 {[%clk 00:01:33]} {[%emt 00:00:29]}
g6 {[%clk 00:00:49]} {[%emt 00:01:33]} 39. Kf2 {[%clk 00:01:27]} {[%emt
00:00:35]} e5 {[%clk 00:01:08]} {[%emt 00:00:11]} 40. fxe5 {[%clk 00:01:09]}
{[%emt 00:00:48]} fxe5 {[%clk 00:01:37]} {[%emt 00:00:01]} 41. Nc2 {[%clk
00:00:45]} {[%emt 00:00:54]} Ke6 {[%clk 00:01:12]} {[%emt 00:00:54]} 42. g3
{[%clk 00:00:46]} {[%emt 00:00:30]} Be4 {[%clk 00:28:50]} {[%emt 00:02:51]} 43.
Ne3 {[%clk 00:29:41]} {[%emt 00:01:35]} a5 44. bxa5 {[%clk 00:29:41]} b4 45.
Nc4 {[%clk 00:29:41]} Bd3 46. Nd2 {[%clk 00:29:41]} Kd5 47. Ke3 {[%clk
00:29:41]} Bb5 48. Nf3 {[%clk 00:29:41]} b3 49. Kd2 {[%clk 00:29:41]} e4 50.
Ne1 {[%clk 00:29:41]} Kd4 51. Ng2 {[%clk 00:29:41]} Bd3 52. c6 {[%clk
00:29:41]} b2 53. c7 {[%clk 00:29:41]} b1=Q 54. c8=Q {[%clk 00:29:41]} Qb2+ 55.
Kd1 {[%clk 00:29:41]} Qe2+ 56. Kc1 {[%clk 00:29:41]} Qf1+ 57. Kb2 {[%clk
00:29:41]} Qxg2+ 58. Kb3 {[%clk 00:29:41]} Qxg3 59. Qc3+ {[%clk 00:29:41]} Kd5
60. a6 {[%clk 00:29:41]} Bc4+ 0-1

[Event "European Women's Chess Club Cup 2023"]
[Site "Durres, Albania"]
[Date "2023.10.01"]
[Round "1.16"]
[White "Gaal, Zsoka"]
[Black "Federovski, Adi"]
[Result "1/2-1/2"]
[TimeControl "90' + 30' & 30\""]
[WhiteElo "2305"]
[BlackElo "1951"]

1. d4 {[%clk 01:30:53]} {[%emt 00:00:07]} Nf6 {[%clk 01:30:40]} {[%emt
00:00:21]} 2. c4 {[%clk 01:31:06]} {[%emt 00:00:18]} e6 {[%clk 01:28:34]}
{[%emt 00:02:35]} 3. Nc3 {[%clk 01:31:19]} {[%emt 00:00:16]} Bb4 {[%clk
01:28:59]} {[%emt 00:00:05]} 4. e3 {[%clk 01:31:27]} {[%emt 00:00:22]} c5
{[%clk 01:27:28]} {[%emt 00:02:01]} 5. Nge2 {[%clk 01:31:34]} {[%emt 00:00:24]}
O-O {[%clk 01:24:48]} {[%emt 00:03:10]} 6. a3 {[%clk 01:30:11]} {[%emt
00:01:53]} cxd4 {[%clk 01:20:18]} {[%emt 00:05:00]} 7. axb4 {[%clk 01:26:19]}
{[%emt 00:04:22]} dxc3 {[%clk 01:20:41]} {[%emt 00:00:07]} 8. Nxc3 {[%clk
01:26:24]} {[%emt 00:00:24]} d5 {[%clk 01:19:55]} {[%emt 00:01:17]} 9. cxd5
{[%clk 01:24:02]} {[%emt 00:02:51]} exd5 {[%clk 01:18:48]} {[%emt 00:01:37]} 10.
b5 {[%clk 01:19:08]} {[%emt 00:05:25]} Be6 {[%clk 01:12:56]} {[%emt 00:06:22]}
11. Be2 {[%clk 01:13:15]} {[%emt 00:06:23]} Nbd7 {[%clk 01:10:36]} {[%emt
00:02:50]} 12. b3 {[%clk 00:59:40]} {[%emt 00:14:05]} Nc5 {[%clk 01:03:53]}
{[%emt 00:07:12]} 13. Ba3 {[%clk 00:52:19]} {[%emt 00:07:51]} Qb6 {[%clk
00:55:32]} {[%emt 00:08:51]} 14. O-O {[%clk 00:41:49]} {[%emt 00:11:00]} Rfc8
{[%clk 00:52:42]} {[%emt 00:03:21]} 15. Na4 {[%clk 00:38:04]} {[%emt 00:04:14]}
Nxa4 {[%clk 00:52:57]} {[%emt 00:00:15]} 16. bxa4 {[%clk 00:38:28]} {[%emt
00:00:07]} Ne4 {[%clk 00:47:17]} {[%emt 00:06:10]} 17. Bd3 {[%clk 00:37:32]}
{[%emt 00:01:26]} Nc3 {[%clk 00:41:49]} {[%emt 00:05:58]} 18. Qh5 {[%clk
00:36:45]} {[%emt 00:01:16]} h6 {[%clk 00:39:42]} {[%emt 00:02:38]} 19. Bb2
{[%clk 00:33:48]} {[%emt 00:03:26]} d4 {[%clk 00:35:31]} {[%emt 00:04:42]} 20.
Qe5 {[%clk 00:29:34]} {[%emt 00:04:44]} Bc4 {[%clk 00:28:39]} {[%emt 00:07:22]}
21. Bxc4 {[%clk 00:20:00]} {[%emt 00:10:04]} Rxc4 {[%clk 00:28:21]} {[%emt
00:00:48]} 22. Rfe1 {[%clk 00:14:46]} {[%emt 00:05:44]} Rac8 {[%clk 00:27:00]}
{[%emt 00:01:51]} 23. exd4 {[%clk 00:12:05]} {[%emt 00:03:11]} Nxa4 {[%clk
00:21:12]} {[%emt 00:06:17]} 24. Bc1 {[%clk 00:07:02]} {[%emt 00:05:33]} Qxd4
{[%clk 00:19:20]} {[%emt 00:02:22]} 25. Qxd4 {[%clk 00:06:36]} {[%emt
00:00:56]} Rxd4 {[%clk 00:19:45]} {[%emt 00:00:05]} 26. Be3 {[%clk 00:06:48]}
{[%emt 00:00:18]} Rb4 {[%clk 00:17:43]} {[%emt 00:02:31]} 27. Bxa7 {[%clk
00:04:21]} {[%emt 00:02:58]} Nc3 {[%clk 00:18:02]} {[%emt 00:00:11]} 28. b6
{[%clk 00:03:32]} {[%emt 00:01:19]} Nd5 {[%clk 00:17:14]} {[%emt 00:01:17]} 29.
g3 {[%clk 00:02:56]} {[%emt 00:01:07]} Nxb6 {[%clk 00:15:26]} {[%emt 00:02:18]}
30. Rab1 {[%clk 00:02:49]} {[%emt 00:00:37]} Nd5 {[%clk 00:13:02]} {[%emt
00:02:53]} 31. Rxb4 {[%clk 00:02:49]} {[%emt 00:00:31]} Nxb4 {[%clk 00:12:27]}
{[%emt 00:01:05]} 32. Rb1 {[%clk 00:01:32]} {[%emt 00:01:46]} Rc4 {[%clk
00:11:54]} {[%emt 00:01:04]} 33. Be3 {[%clk 00:01:21]} {[%emt 00:00:41]} Nd5
{[%clk 00:10:04]} {[%emt 00:02:19]} 34. Rxb7 {[%clk 00:01:42]} {[%emt
00:00:09]} Nxe3 {[%clk 00:10:30]} {[%emt 00:00:05]} 35. fxe3 {[%clk 00:02:07]}
{[%emt 00:00:05]} 1/2-1/2

[Event "European Women's Chess Club Cup 2023"]
[Site "Durres, Albania"]
[Date "2023.10.01"]
[Round "1.17"]
[White "Ushenina, Anna"]
[Black "Toncheva, Nadya"]
[Result "1-0"]
[TimeControl "90' + 30' & 30\""]
[WhiteElo "2434"]
[BlackElo "2253"]

1. d4 {[%clk 01:30:50]} {[%emt 00:00:09]} d5 {[%clk 01:30:54]} {[%emt
00:00:06]} 2. c4 {[%clk 01:31:03]} {[%emt 00:00:19]} dxc4 {[%clk 01:31:19]}
{[%emt 00:00:05]} 3. Nf3 {[%clk 01:31:18]} {[%emt 00:00:16]} Nf6 {[%clk
01:31:44]} {[%emt 00:00:03]} 4. e3 {[%clk 01:31:37]} {[%emt 00:00:11]} e6
{[%clk 01:32:09]} {[%emt 00:00:06]} 5. Bxc4 {[%clk 01:31:41]} {[%emt 00:00:25]}
c5 {[%clk 01:32:35]} {[%emt 00:00:04]} 6. O-O {[%clk 01:31:37]} {[%emt
00:00:34]} a6 {[%clk 01:33:02]} {[%emt 00:00:03]} 7. dxc5 {[%clk 01:31:15]}
{[%emt 00:00:53]} Qxd1 {[%clk 01:33:24]} {[%emt 00:00:07]} 8. Rxd1 {[%clk
01:31:40]} {[%emt 00:00:05]} Bxc5 {[%clk 01:33:49]} {[%emt 00:00:04]} 9. Be2
{[%clk 01:29:38]} {[%emt 00:02:32]} O-O {[%clk 01:34:11]} {[%emt 00:00:08]} 10.
Ne5 {[%clk 01:24:15]} {[%emt 00:05:53]} Nbd7 {[%clk 01:22:49]} {[%emt
00:11:53]} 11. Nc4 {[%clk 01:22:33]} {[%emt 00:02:11]} Nd5 {[%clk 01:21:26]}
{[%emt 00:01:52]} 12. Nbd2 {[%clk 00:49:51]} {[%emt 00:33:13]} b5 {[%clk
01:14:44]} {[%emt 00:07:12]} 13. Na5 {[%clk 00:49:55]} {[%emt 00:00:27]} Bb6
{[%clk 01:10:42]} {[%emt 00:04:32]} 14. Ndb3 {[%clk 00:49:29]} {[%emt
00:00:56]} Ne5 {[%clk 01:04:47]} {[%emt 00:06:24]} 15. Bd2 {[%clk 00:37:20]}
{[%emt 00:12:40]} Bd7 {[%clk 00:58:02]} {[%emt 00:07:14]} 16. e4 {[%clk
00:29:54]} {[%emt 00:07:56]} Ne7 {[%clk 00:52:04]} {[%emt 00:06:28]} 17. Bc3
{[%clk 00:25:02]} {[%emt 00:05:22]} N7g6 {[%clk 00:52:28]} {[%emt 00:00:06]} 18.
Kf1 {[%clk 00:14:01]} {[%emt 00:11:31]} Ra7 {[%clk 00:37:16]} {[%emt 00:15:41]}
19. Rd6 {[%clk 00:07:43]} {[%emt 00:06:49]} Bc7 {[%clk 00:34:52]} {[%emt
00:02:53]} 20. Rd2 {[%clk 00:08:11]} {[%emt 00:00:02]} Bb6 {[%clk 00:30:32]}
{[%emt 00:04:51]} 21. Rad1 {[%clk 00:07:51]} {[%emt 00:00:50]} Bc8 {[%clk
00:28:58]} {[%emt 00:02:03]} 22. g3 {[%clk 00:02:23]} {[%emt 00:05:58]} f5
{[%clk 00:25:12]} {[%emt 00:04:17]} 23. exf5 {[%clk 00:02:08]} {[%emt
00:00:45]} exf5 {[%clk 00:23:49]} {[%emt 00:01:53]} 24. Bb4 {[%clk 00:02:03]}
{[%emt 00:00:36]} Re8 {[%clk 00:24:03]} {[%emt 00:00:15]} 25. f4 {[%clk
00:01:27]} {[%emt 00:01:06]} Ng4 {[%clk 00:23:15]} {[%emt 00:01:18]} 26. Bxg4
{[%clk 00:01:53]} {[%emt 00:00:04]} fxg4 {[%clk 00:23:40]} {[%emt 00:00:05]} 27.
Bc5 {[%clk 00:02:21]} {[%emt 00:00:02]} Bxc5 {[%clk 00:23:18]} {[%emt
00:00:52]} 28. Nxc5 {[%clk 00:02:50]} {[%emt 00:00:01]} Rc7 {[%clk 00:18:21]}
{[%emt 00:05:27]} 29. b4 {[%clk 00:03:09]} {[%emt 00:00:11]} Nf8 {[%clk
00:18:32]} {[%emt 00:00:19]} 30. Rd6 {[%clk 00:00:46]} {[%emt 00:02:53]} Ne6
{[%clk 00:17:27]} {[%emt 00:01:35]} 31. Nab3 {[%clk 00:00:56]} {[%emt
00:00:19]} Nxc5 {[%clk 00:17:13]} {[%emt 00:00:44]} 32. Nxc5 {[%clk 00:01:25]}
{[%emt 00:00:02]} a5 {[%clk 00:17:16]} {[%emt 00:00:27]} 33. a3 {[%clk
00:01:40]} {[%emt 00:00:15]} Re3 {[%clk 00:15:13]} {[%emt 00:02:32]} 34. R1d3
{[%clk 00:01:32]} {[%emt 00:00:38]} Rxd3 {[%clk 00:15:29]} {[%emt 00:00:15]} 35.
Rxd3 {[%clk 00:02:01]} {[%emt 00:00:01]} axb4 {[%clk 00:13:56]} {[%emt
00:02:03]} 36. axb4 {[%clk 00:02:29]} {[%emt 00:00:02]} Kf7 {[%clk 00:09:10]}
{[%emt 00:05:15]} 37. Rd6 {[%clk 00:01:19]} {[%emt 00:01:41]} Ra7 {[%clk
00:09:02]} {[%emt 00:00:38]} 38. Rb6 {[%clk 00:01:08]} {[%emt 00:00:41]} Ra2
{[%clk 00:07:32]} {[%emt 00:01:59]} 39. Rxb5 {[%clk 00:00:45]} {[%emt
00:00:54]} Rxh2 {[%clk 00:07:38]} {[%emt 00:00:24]} 40. Rb8 {[%clk 00:00:42]}
{[%emt 00:00:33]} Bf5 {[%clk 00:07:57]} {[%emt 00:00:11]} 41. Rb7+ {[%clk
00:28:15]} {[%emt 00:02:57]} Kf6 {[%clk 00:38:02]} {[%emt 00:00:25]} 42. b5
{[%clk 00:12:59]} {[%emt 00:15:46]} Rc2 {[%clk 00:34:52]} {[%emt 00:03:39]} 43.
Rb6+ {[%clk 00:07:15]} {[%emt 00:06:15]} Kf7 {[%clk 00:28:52]} {[%emt
00:06:30]} 44. Rc6 {[%clk 00:07:29]} {[%emt 00:00:16]} Rb2 {[%clk 00:28:27]}
{[%emt 00:00:54]} 45. b6 {[%clk 00:07:38]} {[%emt 00:00:22]} h5 {[%clk
00:27:28]} {[%emt 00:01:29]} 46. b7 {[%clk 00:01:25]} {[%emt 00:06:43]} h4
{[%clk 00:26:23]} {[%emt 00:01:35]} 47. Rc7+ {[%clk 00:01:02]} {[%emt
00:00:52]} Kg6 {[%clk 00:22:22]} {[%emt 00:04:32]} 48. Rc8 {[%clk 00:01:27]}
{[%emt 00:00:05]} 1-0